| 000 | 00347nam a22001217a 4500 | ||
|---|---|---|---|
| 003 | OSt | ||
| 005 | 20260107160129.0 | ||
| 008 | 260107b |||||||| |||| 00| 0 eng d | ||
| 245 |
_aEduncle UGC-NET _bGeneral Paper On Teaching & Research Aptitude Volume Solved Paper (VSP) |
||
| 260 |
_aRajasthan _bEduncle _c2018 |
||
| 300 | _a65PP | ||
| 942 |
_2ddc _cBK |
||
| 999 |
_c369737 _d369737 |
||